Calidad de vida: noción cultural y derivación política; apuntes /
La calidad de la vida se refiere a un replanteamiento de los criterios de valoración social e individual en diversos ámbitos. Por ello, aunque no se configura como una teoría de la sociedad, establecer su pertinencia y relevancia obliga a hacer claros sus vínculos con un conjunto de problemas de vas...
Gespeichert in:
| 1. Verfasser: | |
|---|---|
| Format: | Text |
| Schlagworte: | |
| Tags: |
Tag hinzufügen
Keine Tags, Fügen Sie den ersten Tag hinzu!
|
MARC
| LEADER | 00000 a a2200000 04500 | ||
|---|---|---|---|
| 001 | 16488 | ||
| 003 | |||
| 040 | |||
| 100 | |a Millán Valenzuela, René | ||
| 245 | |a Calidad de vida: |b noción cultural y derivación política; apuntes / |c René Millán Valenzuela | ||
| 520 | |a La calidad de la vida se refiere a un replanteamiento de los criterios de valoración social e individual en diversos ámbitos. Por ello, aunque no se configura como una teoría de la sociedad, establecer su pertinencia y relevancia obliga a hacer claros sus vínculos con un conjunto de problemas de vasta implicación. La calidad de vida se expresa de manera contémporanea como noción cultural y demanda. Es un tema de interés reciente en México porque anuda una serie de planos analíticos, que a la luz de los profundos cambios de la sociedad mexicana y del inusitado panorama internacional, no pueden remitirse a formaciones categoriales tradicionales. El término es ambiguo, difícil, sus implicaciones no siempre claras |a circula en ámbitos más o menos restringidos, y su difusión no alcanza la precisión y extensión deseadas. REV//jmml | ||
| 650 | |a CULTURA | ||
| 650 | |a POLITICA | ||
| 650 | |a CALIDAD DE LA VIDA | ||
| 650 | |a SOCIEDAD | ||
| 650 | |a ESTADO | ||
| 650 | |a DESARROLLO ECONOMICO Y SOCIAL | ||
| 650 | |a CONSUMO | ||
| 773 | |g volumen 53, número 1; páginas 153-165 | ||
| 999 | |c 31251 |d 31251 | ||
